| 000 | 00423nam a22001457a 4500 | ||
|---|---|---|---|
| 005 | 20251209145424.0 | ||
| 008 | 251209b |||||||| |||| 00| 0 eng d | ||
| 020 | _a9788189093273 | ||
| 050 | _aQH540.4 ILL | ||
| 245 |
_aIllustrated Dictionary of Ecology _ccompiled and edited by Diana Richards |
||
| 260 |
_aNew Delhi _bLotus Press _c2004 |
||
| 300 |
_a232p. _bill. _c21.5cm |
||
| 700 | _aRichards, Diana | ||
| 942 |
_2lcc _cBK _n0 |
||
| 999 |
_c8521 _d8521 |
||